| 000 | 00980nas a2200313 4500 | ||
|---|---|---|---|
| 001 | BR2015006369 | ||
| 003 | BR-BrBNA | ||
| 005 | 20231205130535.0 | ||
| 007 | ta | ||
| 008 | 230509b bl.|||p| |||| 00| 00por d | ||
| 040 |
_aBR-BrBNA _bpor _cBiblioteca Nacional de Agricultura |
||
| 041 | _a(Pt) | ||
| 072 | _aP01 | ||
| 100 | 1 | _aFajardo, C.G. | |
| 100 | 1 | _aCosta, R. de A. | |
| 100 | 1 | _aVieira, F. de A. | |
| 100 | 1 | _aMolina, W.F. | |
| 245 | 1 | _aDistribuição espacial de Cattleya granulosa Lindl.: uma orquídea ameaçada de extinção | |
| 650 | _aORQUÍDEA | ||
| 650 | _aESPÉCIE EM EXTINÇÃO | ||
| 650 | _aDISTRIBUIÇÃO GEOGRÁFICA | ||
| 650 | _aPARQUE ESTADUAL | ||
| 650 | _aDISPERSÃO DE SEMENTE | ||
| 650 | _aPRESERVAÇÃO DA NATUREZA | ||
| 650 | _aRIO GRANDE DO NORTE | ||
| 773 | 0 |
_tFloresta e Ambiente (Brazil) _xISSN 1415-0980 _g(Apr-Jun 2015), v. 22(2) p. 164-170 _wBR2015006369 |
|
| 909 |
_a202311 _bLúcia _c55 _dLúcia Elande |
||
| 942 |
_2AGRIS _n0 _cANA |
||
| 999 |
_c250015 _d250015 |
||